00765nam a22002417a 450000500170000001000130001702000210003003500130005103700160006404000120008008200130009210000220010524500490012726000270017627000100020330000300021350000410024365000290028465000490031394200220036299900190038495201200040320170124110049.0 aB-045703 c00.00a333901096 aB-045703 bCen Lib/Ret aDPLbEN a616bKUT aKutar, Zal924995 aManual of medical procedures /cby Zal Kutar bMacmillanc1975aDelhi bDelhi ax,132p. :c20cm(Hb)bill. aIncludes bibliographical references  aClinical medicine924996 aClinical medicine--Study and teaching924997 2ddccENh616mKUT c128977d128977 00104070aLbLd2015-07-04eCen Lib/Retg0.00l0o616 KUTpB-045703r2015-07-04 00:00:00t1v0.00w2015-07-04yEN